000 00558nam a2200181Ia 4500
005 20250326141847.0
008 250326s9999 xx 000 0 und d
037 _aTextbook
040 _aFMSL
_beng
_cFMSL
041 _aeng
_2eng
084 _aL.433pN84 M4
_qFMSL
100 _aWHO
_973500
245 0 _aEvaluating primary health care in South East Asia: Proceedings of a a regional seminar
_cWHO
260 _aNew Delhi
_bNew Delhi, World Health Org.
_c1984
300 _a210p
942 _cTB
_hL.433pN84 M4
999 _c1292323
_d1292323